<?xml version="1.0" encoding="UTF-8"?>
<collection xmlns="http://www.loc.gov/MARC21/slim">
  <record>
    <leader>00000nam  2200000   4500</leader>
    <controlfield tag="001">INLIS000000000005763</controlfield>
    <controlfield tag="005">20220415104344</controlfield>
    <datafield tag="035" ind1="#" ind2="#">
      <subfield code="a">0010-0422000158</subfield>
    </datafield>
    <datafield tag="245" ind1="1" ind2="#">
      <subfield code="a">Studi Kelayakan Pendirian Usaha Ice Cream Singkong di Kabupaten Sigi :</subfield>
      <subfield code="b">Tugas Akhir /</subfield>
      <subfield code="c">Anindiya Putri</subfield>
    </datafield>
    <datafield tag="100" ind1=" " ind2="#">
      <subfield code="a">ANINDIYA Putri</subfield>
    </datafield>
    <datafield tag="250" ind1="#" ind2="#">
      <subfield code="a">2015</subfield>
    </datafield>
    <datafield tag="300" ind1="#" ind2="#">
      <subfield code="a">xiii, 76 halaman :</subfield>
      <subfield code="b">tabel; gambar ;</subfield>
      <subfield code="c">20,5x28,5 cm</subfield>
      <subfield code="e">Lampiran</subfield>
    </datafield>
    <datafield tag="856" ind1="#" ind2="#">
      <subfield code="a">OPAC (Rak TA TPL 2016)</subfield>
    </datafield>
    <datafield tag="260" ind1="#" ind2="#">
      <subfield code="a">Makassar :</subfield>
      <subfield code="b">Politeknik ATI Makassar. TPL,</subfield>
      <subfield code="c">2016</subfield>
    </datafield>
    <datafield tag="082" ind1="#" ind2="#">
      <subfield code="a">(R)2016 TA-TPL 818</subfield>
    </datafield>
    <datafield tag="084" ind1="#" ind2="#">
      <subfield code="a">(R)2016 TA-TPL 818 ANI s</subfield>
    </datafield>
    <datafield tag="520" ind1="#" ind2="#">
      <subfield code="a">Singkong merupakan komoditi yang  melimpah di Kabupaten Sigi diman pengolahannya masih sangat minim. Salah satu cara pemanfaatannya yaitu dedngan melakukan pengolahan singkong menjadi ice cream singkong. Tujuan dari penelitian ini untuk menganalisis tentang kelayakan pendirian usaha ice cream singkong di Kabupaten Sigi ditinjau dari aspek pemasaran, aspek teknis dan teknologi, aspek organisasi dan manajemen, aspek keuangan, aspek ekonomi dan sosial, dan strategi pendirian.</subfield>
    </datafield>
    <controlfield tag="008">220415################|##########|#|##</controlfield>
    <datafield tag="650" ind1="#" ind2="4">
      <subfield code="a">Tugas Akhir TPL 2016</subfield>
    </datafield>
    <datafield tag="990" ind1="#" ind2="#">
      <subfield code="a">21/TA TPL 2016</subfield>
    </datafield>
  </record>
</collection>
